Chemolak, a.s., Smolenice analýza odvetvia

Analýza spoločnosti Chemolak, a.s., Smolenice - najvýznamnejší a najväčší výrobca náterových látok v strednej Európe. Hlavná výrobná činnosť. Finančná situácia. Štruktúra pasív. Štruktúra cudzích zdrojov spoločnosti. Finančná analýza spoločnosti.

Salvato in:
Dettagli Bibliografici
Autore principale: Ilavský, Martin
Natura: Capitolo di libro
Lingua:slovacco
inglese
Soggetti:
Tags: Aggiungi Tag
Nessun Tag, puoi essere il primo ad aggiungerne!!

MARC

LEADER 00000naa a2200000 4500
001 r035148
005 20230426112449.3
041 0 |a slo 
041 0 |a eng 
044 |a SK 
245 1 0 |a Chemolak, a.s., Smolenice  |b analýza odvetvia  |c Martin Ilavský 
520 |a Analýza spoločnosti Chemolak, a.s., Smolenice - najvýznamnejší a najväčší výrobca náterových látok v strednej Európe. Hlavná výrobná činnosť. Finančná situácia. Štruktúra pasív. Štruktúra cudzích zdrojov spoločnosti. Finančná analýza spoločnosti. 
610 2 0 |a analýza finančná 
610 2 0 |a podnik 
610 2 0 |a Chemolak, a.s. Smolenice 
610 2 0 |a Slovensko 
610 2 0 |a priemysel chemický 
610 2 0 |a 1995-1998 
100 1 |a Ilavský, Martin